Arctic Monkeys - There'd Better Be a Mirrorball (Lyrics) - Statistics

General Stats
  • This quiz has been taken 172 times
  • The average score is 105 of 147
Answer Stats
Answer % Correct
a
99%
the
98%
that
96%
That
96%
you
95%
You
95%
do
94%
be
93%
I
93%
I
93%
mirrorball?
90%
mirrorball
90%
better
88%
get
88%
Don't
86%
like
85%
ain't
84%
emotional,
84%
me
84%
me?
84%
So
84%
to
82%
there's
79%
when
79%
through
78%
car
77%
car?
77%
know
76%
we
76%
sure
75%
walk
75%
wanna
74%
can
73%
For
73%
for
73%
have
73%
heart
73%
heavy
73%
still
73%
if
71%
absolutely
70%
leaking
70%
please
68%
roof
68%
there'd
68%
it
67%
Yesterday's
66%
and
65%
And
65%
new
64%
nothing
64%
That's
63%
I'll
61%
what
61%
is
58%
I'm
56%
this
56%
wouldn't
55%
in
55%
mood
53%
romantic
53%
old
51%
ought
51%
promised
51%
suit
51%
fool
49%
it's
49%
were
49%
You're
49%
Seems
48%
getting
47%
say,
47%
view
47%
"Baby,
46%
won't
46%
giving
45%
been
44%
look
43%
nice"
43%
Somehow
42%
cynical
41%
eyes
41%
Darling,
40%
them
40%
exploded
38%
on
38%
how's
36%
moment
36%
insatiable
34%
back
33%
appetite?
31%
rose
27%
tint
25%
throw
23%
I'd
18%
No matching quizzes found
Score Distribution
Percent of People with Each Score
Percentile by Number Answered
Your Score History
You have not taken this quiz